000 01248nam a2200325 a 4500
001 000045249
003 DO-SdBNP
005 20230118091546.0
007 ta
008 150216s1986 dr a r 000 0 spa d
040 _aDO-SdBNP
_bspa
_cBNPHU
082 _a923.9
_bC719T, 1986
_222
100 1 _aTejera, Emiliano,
_d1841-1923.
_924003
245 1 4 _aLos restos de Colón en Santo Domingo ;
_bLos dos restos de Cristóbal Colón /
_cEmiliano Tejera.
260 _aSanto Domingo :
_bSociedad Dominicana de Bibliófilos,
_c1986.
300 _axxv, 316 p. :
_bil. ;
_c24 cm.
490 1 _aSociedad Dominicana de Bibliófilos
490 1 _aCultura dominicana
_v60
500 _aIncluye índice onomástico
500 _aIncluye referencias bibliográficas y notas al pie de las páginas.
501 _aPublicado con: Los dos restos de Cristóbal Colón
563 _aDos obras publicadas juntas con paginación continua.
590 _aInventariado, 2023 / DG
700 1 2 _aTejera, D. Emilio,
_d1841-1923
_tLos dos restos de Cristóbal Colón
_946472
740 3 2 _aLos dos restos de Cristóbal Colón.
830 0 _aSociedad Dominicana de Bibliófilos
_9889
830 0 _aCultura dominicana ;
_n60
_973276
910 _aDG
942 _2ddc
_cLBS1
999 _c44738
_d44738